000 00423 a2200169 4500
001 188549
020 _a85-16-03711-8
040 _cMagnum
100 _aQueirós, Bartolomeu Campos de
240 1 0 _aVida e obra de aletrícia depois de zoroastro
_lpor
245 1 0 _aVida e obra de aletrícia depois de zoroastro
300 _a80
362 0 _a2003
440 1 _aModerna
697 _aLITERATURA JUVENIL
942 _cBK
999 _c188549
_d188549